| 000 | 00544nam a2200169Ia 4500 | ||
|---|---|---|---|
| 008 | 090711s9999 xx 000 0 und d | ||
| 082 | _b34679 | ||
| 100 | _aसोवनी रा. वि. | ||
| 245 | _aमत्स्यजीवन | ||
| 260 |
_b"आनंद (कार्यालय) प्रकाशन," _c1963 |
||
| 300 | _a59 | ||
| 600 | _aसोवनी रा. वि. | ||
| 630 | _aमत्स्यजीवन | ||
| 700 | _aसोवनी रा. वि. | ||
| 730 | _aमत्स्यजीवन | ||
| 942 | _cBOOK | ||
| 999 |
_c328658 _d328658 |
||